5 Gum Flavors Quiz Stats

 Plays Quiz not verified by Sporcle

Challenge
Share
Tweet
Embed
Score 0/9 Timer 02:00
0 Plays Today
% Correct
Rain
81.8%
Solstice
81.8%
Cobalt
72.7%
Lush
63.6%
Zing
54.5%
Mint Flavor React (NEW)
54.5%
Fruit Flavor React (NEW)
54.5%
Elixir
45.5%
Flare
36.4%

You're not logged in!

Compare scores with friends on all Sporcle quizzes.
OR
Log In

You Might Also Like...

Show Comments

Extras

Created Aug 22, 2010ReportNominate

Top Quizzes Today


Score Distribution

Your Account Isn't Verified!

In order to create a playlist on Sporcle, you need to verify the email address you used during registration. Go to your Sporcle Settings to finish the process.

Report this User

Report this user for behavior that violates our Community Guidelines.

Details: